Artilleros y artillería bajo su aspecto industrial o sea nuestra ingeniería / (Record no. 40330)

MARC details
000 -LEADER
campo de control de longitud fija 00559nam a2200181 i 4500
001 - NÚMERO DE CONTROL
campo de control 40330
003 - IDENTIFICADOR DE NÚMERO DE CONTROL
campo de control ES-MaACL
005 - FECHA Y HORA DE LA ÚLTIMA TRANSACCIÓN
campo de control 20251015063051.0
007 - CAMPO FIJO DE DESCRIPCIÓN FÍSICA--INFORMACIÓN GENERAL
campo de control de longitud fija t|
008 - DATOS DE LONGITUD FIJA--INFORMACIÓN GENERAL
campo de control de longitud fija 030305s1894 sp ||||1| spa d
100 1# - ENTRADA PRINCIPAL--NOMBRE DE PERSONA
Nombre de persona Carrasco y Saiz del Campo, Adolfo,
Fechas asociadas al nombre 1830-1906
9 (RLIN) 35577
245 10 - MENCIÓN DEL TÍTULO
Título Artilleros y artillería bajo su aspecto industrial o sea nuestra ingeniería /
Mención de responsabilidad, etc. Adolfo Carrasco y Sayz.
260 ## - PUBLICACIÓN, DISTRIBUCIÓN, ETC.
Lugar de publicación, distribución, etc. Madrid :
Nombre del editor, distribuidor, etc. [s.n.],
Fecha de publicación, distribución, etc. 1894.
300 ## - DESCRIPCIÓN FÍSICA
Extensión 1 v.
650 #4 - PUNTO DE ACCESO ADICIONAL DE MATERIA--TÉRMINO DE MATERIA
Término de materia o nombre geográfico como elemento de entrada Artillería.
9 (RLIN) 135626
852 ## - LOCALIZACIÓN
Ubicación ES-MaACL
Número de control de estantería T-849-F-3
Holdings
Estatus retirado Estado de pérdida Estado de daño No para préstamo Colección Biblioteca de origen Biblioteca actual Ubicación en estantería Fecha de adquisición Fuente de adquisición Total de préstamos Signatura topográfica completa Código de barras Visto por última vez Precio de reemplazo Tipo de ítem Koha
        Colección de folletos Biblioteca del Ateneo de Madrid Biblioteca del Ateneo de Madrid Depósito folletos 17/01/2008     T-849-F-3 1042458 23/02/2023 23/02/2023 Folleto